| 000 | 00356nam a2200133Ia 4500 | ||
|---|---|---|---|
| 008 | 230917s9999||||xx |||||||||||||| ||und|| | ||
| 040 |
_e90697 _aMAIN |
||
| 041 | _aEnglish | ||
| 082 | _a617 S64E | ||
| 100 | _aSingh, Santosh Kumar | ||
| 245 | 0 | _aEvaluation of apache 11 scoring system in cases of perforactive periotonitis | |
| 300 | _a75 p. | ||
| 942 | _cTH | ||
| 999 |
_c86680 _d86680 |
||